000 00455nam a2200181Ia 4500
001 25191
005 20260414151133.0
008 260414t2015||||xx |||||||||||||| ||spa||
041 _aESP
082 _a346.35
_bP66
100 _aPlácido V., Alex F.
_eAUT
245 0 _aManual de derecho de los niños, niñas y adolescentes
_b
260 _c2015
300 _a905 páginas :
_c25 cm.
650 _aDER
654 _aCDE
942 _cLIB
_dJUS
_fJUS
_2ddc
_n
999 _c25191
_d25191